Administración de recursos humanos.
Wedi'i Gadw mewn:
| Prif Awdur: | |
|---|---|
| Fformat: | Anhysbys |
| Cyhoeddwyd: |
México, D.F., México:
Pearson,
2015.
|
| Rhifyn: | Decimocuarta edición. |
| Pynciau: | |
| Tagiau: |
Ychwanegu Tag
Dim Tagiau, Byddwch y cyntaf i dagio'r cofnod hwn!
|
MARC
| LEADER | 00000 a2200000 4500 | ||
|---|---|---|---|
| 003 | CL-VaPUC | ||
| 005 | 20241118115253.0 | ||
| 008 | 230424t2015 ||||| |||| 00| 0 eng d | ||
| 999 | |c 440562 |d 440560 | ||
| 020 | |a 9786073233118 | ||
| 040 | |c Pontificia Universidad Católica de Valparaíso | ||
| 082 | 7 | |a 658.3 DES 2015 |2 22 | |
| 100 | |a Dessler, Gary |9 533968 |e autor | ||
| 245 | |a Administración de recursos humanos. | ||
| 250 | |a Decimocuarta edición. | ||
| 260 | |a México, D.F., México: |b Pearson, |c 2015. | ||
| 300 | |a 524 páginas. | ||
| 583 | |k GC |c 20230424 | ||
| 650 | 0 | |a Gestión de recursos humanos |9 879947 | |
| 650 | 0 | |a Seguridad en el empleo |9 893892 | |
| 650 | 0 | |a Selección de personal |9 307100 | |
| 650 | 0 | |a Formación ocupacional |9 893898 | |
| 650 | 0 | |a Salarios |9 255321 | |
| 942 | |2 ddc |c BK | ||
| 952 | |0 0 |1 0 |2 ddc |4 0 |6 658_300000000000000_DES_2015 |7 0 |8 R |9 589778 |a BIBENE |b BIBENE |c RES |d 2023-04-24 |e 1 |g 35571.50 |i 5657272 |l 9 |o 658.3 DES 2015 |p 5657272 |r 2025-04-23 |s 2025-04-23 |t 2 |v 35571.50 |w 2023-04-24 |y BK_R |k ICO | ||
| 952 | |0 0 |1 0 |2 ddc |4 0 |6 658_300000000000000_DES_2015 |7 0 |8 R |9 589779 |a BIBENE |b BIBENE |c RES |d 2023-04-24 |e 1 |g 35571.50 |i 5657271 |l 8 |o 658.3 DES 2015 |p 5657271 |r 2025-04-09 |s 2025-04-07 |t 1 |v 35571.50 |w 2023-04-24 |y BK_R |k ICO | ||